Provinzen Schwedens - Statistiken

Allgemein
  • Dieses Quiz wurde 137 mal gespielt
  • Das Durchschnittsergebnis liegt bei 6 aus 21
Antwortstatistiken
Antwort % Korrekt
Stockholms län
82%
Gotlands län
62%
Skåne län
58%
Uppsala län
45%
Norrbottens län
42%
Dalarnas län
37%
Västerbottens län
34%
Jämtlands län
32%
Kalmar län
31%
Östergötlands län
28%
Blekinge län
27%
Örebro län
25%
Värmlands län
24%
Västra Götalands län
23%
Hallands län
21%
Jönköpings län
18%
Södermanlands län
11%
Västmanlands län
11%
Kronobergs län
10%
Gävleborgs län
8%
Västernorrlands län
8%
Keine übereinstimmenden Quizze gefunden
Verteilung der Resultate
Anzahl Personen mit jedem Resultat
Perzentil nach korrekt beantworteten Fragen
Ihre Resultats-Entwicklung
Sie haben dieses Quiz noch nicht gespielt